Tìm hiểu việc dạy học đo thời gian và vận dụng một số dạng toán điển hình vào giải bài toán về tính tuổi ở chương trình tiểu học

Những vấn đề liên quan đến đại lượng thời gian. Tìm hiểu nội dung và phương pháp dạy học đo thời gian trong môn Toán lớp 1, 2, 3, 4, 5. Tìm hiểu một số dạng toán điển hình cần vận dụng vào giải bài toán về tính tuổi ở tiểu học. Hướng dẫn học sinh vận dụng một số dạng toán điển hình vào giải bài toán...

Cijeli opis

Spremljeno u:
Bibliografski detalji
Glavni autor: Nguyễn Thị Thanh Tuyền
Daljnji autori: Nguyễn Nam Hải Th.S (Hướng dẫn)
Format: Knjiga
Jezik:Vietnamese
Izdano: Đà Nẵng Đại học Sư phạm, Đại học Đà Nẵng 2012
Teme:
Oznake: Dodaj oznaku
Bez oznaka, Budi prvi tko označuje ovaj zapis!
Thư viện lưu trữ: Mạng thư viện Đại học Đà Nẵng
LEADER 02033nam a2200325 4500
001 000016773
003 13182
005 20130104080111.0
008 121226s2012 viesd
041 0 |a vie 
082 |a 372.7  |b NG-T 
100 1 |a Nguyễn Thị Thanh Tuyền 
245 0 |a Tìm hiểu việc dạy học đo thời gian và vận dụng một số dạng toán điển hình vào giải bài toán về tính tuổi ở chương trình tiểu học  |c Nguyễn Thị Thanh Tuyền 
260 |a Đà Nẵng  |b Đại học Sư phạm, Đại học Đà Nẵng  |c 2012 
300 |a 69 tr., Phụ lục 10 tr.  |c 29 cm.  |e Đĩa CD, tài liệu tóm tắt 
500 |a Khóa luận tốt nghiệp đại học. Chuyên ngành: Sư phạm Tiểu học 
504 |a Mục lục đầu trang, tài liệu tham khảo tr. 73 - 74, phụ lục [13 tr.] 
520 |a Những vấn đề liên quan đến đại lượng thời gian. Tìm hiểu nội dung và phương pháp dạy học đo thời gian trong môn Toán lớp 1, 2, 3, 4, 5. Tìm hiểu một số dạng toán điển hình cần vận dụng vào giải bài toán về tính tuổi ở tiểu học. Hướng dẫn học sinh vận dụng một số dạng toán điển hình vào giải bài toán về tính tuổi. Xây dựng hệ thống bài tập bổ trợ cho học sinh tự luyện. Tiến hành thực nghiệm sư phạm tại trường tiểu học Huỳnh Ngọc Huệ. 
653 |a Khoa Tiểu học Mầm Non 
700 |a Nguyễn Nam Hải  |c Th.S  |e Hướng dẫn 
OWN |a LSP 
AVA |a UDN50  |b LSP  |d 372.7 NG-T  |e available  |t Error 5001 Not defined in file expand_doc_bib_avail.  |f 1  |g 0  |h N  |i 0  |k 1 
999 |a From the UDN01 
AVA |a UDN50  |b LSP  |d 372.7 NG-T  |e available  |t Error 5001 Not defined in file expand_doc_bib_avail.  |f 1  |g 0  |h N  |i 0  |k 1 
TYP |a Monograph 
TYP |a Printed language 
980 |a Mạng thư viện Đại học Đà Nẵng